000 00253nam a2200109Ia 4500
008 201217s9999 xx 000 0 und d
100 _aGordon, Geoffrey
245 0 _aSystem Simulation
260 _aNew Delhi
_bPrentice Hall
300 _a323
942 _cBK
999 _c7837
_d7837